[Event "Moehnesee Cup-A 37th"]
[Site "Moehnesee"]
[Date "2011.09.04"]
[Round "6"]
[White "Kuckling, Hannah"]
[Black "Quehl, Thomas"]
[Result "0-1"]
[WhiteElo "1748"]
[BlackElo "1945"]
[PlyCount "70"]
[EventDate "2011.09.01"]
[EventType "swiss"]
[EventRounds "7"]
[EventCountry "GER"]
[SourceTitle "EXT 2013"]
[Source "ChessBase"]
[SourceDate "2012.11.22"]
[SourceVersion "1"]
[SourceVersionDate "2012.11.22"]
[SourceQuality "1"]

1. e4 Nf6 2. e5 Nd5 3. d4 d6 4. Nf3 Bg4 5. c4 Nb6 6. exd6 exd6 7. Bd3 Nc6 8. Be3 Qf6 9. Nbd2 Bf5 10. Bxf5 Qxf5 11. 0-0 Be7 12. Re1 0-0 13. Rc1 Nb4 14. Rc3 Nxa2 15. Rb3 c5 16. d5 Bf6 17. Qe2 Rfe8 18. Nf1 Qg4 19. Ra1 Nb4 20. Rc1 Nd7 21. h3 Qg6 22. Ng3 Ne5 23. Nxe5 Bxe5 24. Qf3 a5 25. Bf4 a4 26. Re3 Bxb2 27. Rce1 Rxe3 28. Qxe3 h6 29. Qe2 a3 30. Bc1 Bxc1 31. Rxc1 a2 32. Qb2 Nd3 33. Qxb7 Nxc1 34. Qxa8+ Kh7 35. Qa3 Qb1 0-1

[Event "Lippe Cup-A 07th"]
[Site "Lieme"]
[Date "2010.10.16"]
[Round "3"]
[White "Quehl, Thomas"]
[Black "Henkemeier, Michael"]
[Result "1-0"]
[WhiteElo "1864"]
[BlackElo "1927"]
[PlyCount "97"]
[EventDate "2010.10.15"]
[EventType "swiss"]
[EventRounds "5"]
[EventCountry "GER"]
[SourceTitle "CBM 138 Extra"]
[Source "ChessBase"]
[SourceDate "2010.10.29"]
[SourceVersion "1"]
[SourceVersionDate "2010.10.29"]
[SourceQuality "1"]

1. b4 e6 2. Bb2 f5 3. c4 Nf6 4. b5 Be7 5. Nf3 0-0 6. e3 d6 7. d4 b6 8. Qb3 Ne4 9. Nc3 Nxc3 10. Bxc3 Bb7 11. Be2 Nd7 12. 0-0 Nf6 13. Ng5 Qd7 14. f3 Nd5 15. Nh3 Nxc3 16. Qxc3 g5 17. Nf2 Rf7 18. e4 Raf8 19. Rad1 Bf6 20. e5 Bh8 21. Nd3 c6 22. a4 Rc8 23. Qd2 f4 24. Qb2 Qc7 25. exd6 Qxd6 26. Ne5 Bxe5 27. dxe5 Qc5+ 28. Kh1 cxb5 29. axb5 a5 30. Rd6 Re8 31. Rfd1 g4 32. Qd4 Qxd4 33. R1xd4 Rf5 34. Rxb6 gxf3 35. Bxf3 Rxe5 36. Kg1 Bxf3 37. gxf3 Rg5+ 38. Kf2 e5 39. Rd7 Rh5 40. Kg1 Rg5+ 41. Kf1 e4 42. fxe4 Rge5 43. Rd4 Rxe4 44. Rxe4 Rxe4 45. c5 a4 46. c6 Rc4 47. Ra6 Rc5 48. b6 Rxc6 49. b7 1-0

[Event "Moehnesee Cup 36th"]
[Site "Moehnesee"]
[Date "2010.08.27"]
[Round "2"]
[White "Van Ackeren, Franz"]
[Black "Quehl, Thomas"]
[Result "1/2-1/2"]
[WhiteElo "2107"]
[BlackElo "1831"]
[PlyCount "44"]
[EventDate "2010.08.26"]
[EventType "swiss"]
[EventRounds "7"]
[EventCountry "GER"]
[SourceTitle "EXT 2011"]
[Source "ChessBase"]
[SourceDate "2010.11.26"]
[SourceVersion "1"]
[SourceVersionDate "2010.11.26"]
[SourceQuality "1"]

1. d4 Nf6 2. Nf3 e6 3. e3 b6 4. Bd3 Bb7 5. 0-0 d5 6. b3 Bd6 7. Bb2 Nbd7 8. c4 0-0 9. Nc3 Re8 10. Nb5 Be7 11. Ne5 a6 12. Nc3 dxc4 13. Nxc4 c5 14. dxc5 Nxc5 15. Be2 Qc7 16. Rc1 Red8 17. Qc2 b5 18. Nd2 Rac8 19. Rfd1 Nce4 20. Ndxe4 Bxe4 21. Rxd8+ Qxd8 22. Qd1 Bb7 1/2-1/2